Lessons in heartbreak / (Record no. 23845)
[ view plain ]
| 000 -LEADER | |
|---|---|
| fixed length control field | 02430nam a22003371 4500 |
| 005 - DATE AND TIME OF LATEST TRANSACTION | |
| control field | 20050808122104.0 |
| 008 - FIXED-LENGTH DATA ELEMENTS--GENERAL INFORMATION | |
| fixed length control field | 721219s1962 nyu 000 0 eng |
| 010 ## - LCCN (DPL NO) | |
| LC control number | B-347202-210 |
| 020 ## - INTERNATIONAL STANDARD BOOK NUMBER | |
| International Standard Book Number | 9780007294695 |
| Terms of availability | 250.00 |
| 020 ## - INTERNATIONAL STANDARD BOOK NUMBER | |
| International Standard Book Number | 9780007294695 |
| Terms of availability | 250.00 |
| 035 ## - SYSTEM CONTROL NUMBER | |
| System control number | B-347202-210 |
| 037 ## - SOURCE OF ACQUISITION | |
| Source of stock number/acquisition | Aakar Books |
| 040 ## - CATALOGING SOURCE | |
| Original cataloging agency | dpl |
| Language of cataloging | English |
| 082 ## - DEWEY DECIMAL CLASSIFICATION NUMBER | |
| Classification number | N |
| 100 ## - MAIN ENTRY--PERSONAL NAME | |
| Personal name | Kelly, Cathy |
| 245 ## - TITLE STATEMENT | |
| Title | Lessons in heartbreak / |
| Statement of responsibility, etc | by Cathy Kelly |
| 260 ## - PUBLICATION, DISTRIBUTION, ETC. (IMPRINT) | |
| Place of publication, distribution, etc | London |
| Name of publisher, distributor, etc | Harper-Collins Publishers |
| Date of publication, distribution, etc | 2008 |
| 270 ## - ADDRESS | |
| Address | 77-85 Fullham, Palace Road,Hammersmith |
| City | London |
| Postal code | W6 8JB |
| 300 ## - PHYSICAL DESCRIPTION | |
| Extent | 454p |
| Dimensions | 18 cm (pbk) |
| 942 ## - ADDED ENTRY ELEMENTS (KOHA) | |
| Source of classification or shelving scheme | Dewey Decimal Classification |
| Item type | English Books |
| Classification part | N |
| Call number suffix | KEL |
| Withdrawn status | Lost status | Source of classification or shelving scheme | Damaged status | Not for loan | Collection code | Home library | Current library | Date acquired | Source of acquisition | Cost, normal purchase price | Total Checkouts | Full call number | Barcode | Date last seen | Copy number | Cost, replacement price | Koha item type | Total Renewals |
|---|---|---|---|---|---|---|---|---|---|---|---|---|---|---|---|---|---|---|
| Dewey Decimal Classification | Fiction | Bagh Kadhe Khan | Bagh Kadhe Khan | 25/09/2009 | Aakar Books /I-172/22.6.09/18/6.7.09/6.7.09 | 250.00 | N KEL | B-347209 | 25/09/2009 | 1 | 250.00 | English Books | ||||||
| Dewey Decimal Classification | Fiction | Central Library | Central Library | 25/09/2009 | Aakar Books /I-172/22.6.09/18/6.7.09/6.7.09 | 250.00 | 1 | N KEL | B-347202 | 29/11/2019 | 1 | 250.00 | English Books | |||||
| Withdrawn | Dewey Decimal Classification | Fiction | Janak Puri | Janak Puri | 25/09/2009 | Aakar Books /I-172/22.6.09/18/6.7.09/6.7.09 | 250.00 | 52 | N KEL | B-347205 | 09/03/2017 | 1 | 250.00 | English Books | 6 | |||
| Dewey Decimal Classification | Fiction | Karol Bagh | Karol Bagh | 25/09/2009 | Aakar Books /I-172/22.6.09/18/6.7.09/6.7.09 | 250.00 | N KEL | B-347208 | 25/09/2009 | 1 | 250.00 | English Books | ||||||
| Dewey Decimal Classification | Fiction | Patel Nagar | Patel Nagar | 25/09/2009 | Aakar Books /I-172/22.6.09/18/6.7.09/6.7.09 | 250.00 | N KEL | B-347203 | 25/09/2009 | 1 | 250.00 | English Books | ||||||
| Written off | Written-off vide DLB M. No. 388 dt 23.02.22 | Dewey Decimal Classification | Fiction | Peshwa Road | Peshwa Road | 25/09/2009 | Aakar Books /I-172/22.6.09/18/6.7.09/6.7.09 | 250.00 | N KEL | B-347204 | 25/09/2009 | 1 | 250.00 | English Books | ||||
| Written-off vide DLB M. No. 383 dt 16.05.19 | Dewey Decimal Classification | Fiction | Sarojini Nagar | Sarojini Nagar | 25/09/2009 | Aakar Books /I-172/22.6.09/18/6.7.09/6.7.09 | 250.00 | N KEL | B-347206 | 29/08/2012 | 1 | 250.00 | English Books | |||||
| Dewey Decimal Classification | Fiction | Shahdara Branch | Shahdara Branch | 25/09/2009 | Aakar Books /I-172/22.6.09/18/6.7.09/6.7.09 | 250.00 | N KEL | B-347210 | 25/09/2009 | 1 | 250.00 | English Books | ||||||
| Dewey Decimal Classification | Fiction | Vinoba Puri | Vinoba Puri | 25/09/2009 | Aakar Books /I-172/22.6.09/18/6.7.09/6.7.09 | 250.00 | 18 | N KEL | B-347207 | 19/06/2023 | 1 | 250.00 | English Books | 1 |
